000 00750nam a2200217Ia 4500
001 9817
003 GE_BSU
008 181216s||||||||xx |||||||||||||| ||und||
040 _cGE_BSU
080 _a821.353.1+821.353.1-391+821.222.1-391
100 _aორბელიანი,სულხან–საბა
245 _aთხზულებანი: 4 ტომად.ტ.2.ნაკვ.2
245 _bტ.2.ნაკვ.2
245 _cრედ.ალ.ბარამიძე და ე.მეტრეველი
260 _aთბილისი
260 _bსაბჭოთა საქართველო
260 _c1962
300 _a338გვ.22სმ.
653 _aთხზულებანი
942 _cBK
999 _c43096
_d43096